[Event "21. SCHACHFESTIVAL BASEL 2019 -- MASTER "]
[Site "?"]
[Date "2019.01.03"]
[Round "3.17"]
[White "Rahimi, Rahim"]
[Black "Faraone, Ettore"]
[Result "1-0"]
[WhiteElo "2060"]
[BlackElo "2124"]
[PlyCount "71"]
[EventDate "2019.01.02"]

1. d4 g6 2. c3 Bg7 3. Nf3 d6 4. Bg5 Nf6 5. Nbd2 h6 6. Bh4 g5 7. Bg3 Bf5 8. h3
Nbd7 9. e3 O-O 10. Bc4 c5 11. Qe2 a6 12. e4 Bg6 13. e5 Nh5 14. e6 Nxg3 15. fxg3
Nf6 16. dxc5 dxc5 17. Ne5 Bh7 18. exf7+ Kh8 19. h4 g4 20. h5 Ne4 21. Nxe4 Bxe5
22. O-O Qc7 23. Qxg4 b5 24. Be6 c4 25. Rae1 Rad8 26. Rf3 Bg7 27. Kh2 Rd3 28.
Qf4 Qb6 29. Nf2 Rd6 30. Qe3 Qc6 31. g4 Bf6 32. Rxf6 exf6 33. Qxh6 Rxf7 34. Bxf7
Rd8 35. Bg6 Qc7+ 36. Kh3 1-0

[Event "21. SCHACHFESTIVAL BASEL 2019 -- MASTER "]
[Site "?"]
[Date "2019.01.03"]
[Round "3.18"]
[White "Maloberti, David"]
[Black "Wirz, Heinz"]
[Result "1-0"]
[WhiteElo "2112"]
[BlackElo "2099"]
[PlyCount "87"]
[EventDate "2019.01.02"]

1. d4 Nf6 2. c4 g6 3. Nc3 Bg7 4. e4 d6 5. Nf3 O-O 6. Be2 e5 7. O-O Nc6 8. d5
Ne7 9. Ne1 Nd7 10. Be3 f5 11. f3 fxe4 12. fxe4 Rxf1+ 13. Bxf1 Nf6 14. Be2 h5
15. c5 Bg4 16. cxd6 cxd6 17. Nf3 Bxf3 18. Bxf3 Kh7 19. Qb3 Bh6 20. Bxh6 Kxh6
21. Qxb7 Rb8 22. Qxa7 Rxb2 23. Rb1 Rxb1+ 24. Nxb1 g5 25. Nc3 Ng6 26. g3 Qc8 27.
Qe3 h4 28. a4 hxg3 29. hxg3 Qc4 30. Be2 Qb4 31. Qd3 Nf8 32. Qc4 Qa3 33. Kg2 Qc1
34. Nb5 Qxc4 35. Bxc4 Nxe4 36. a5 Nd7 37. Nc7 Nec5 38. a6 Kg7 39. Kf3 e4+ 40.
Ke3 Nb6 41. Be2 Kf6 42. a7 Ncd7 43. a8=Q Nxa8 44. Nxa8 1-0

[Event "21. SCHACHFESTIVAL BASEL 2019 -- MASTER "]
[Site "?"]
[Date "2019.01.04"]
[Round "4.1"]
[White "Narayanan.S.L"]
[Black "Perske, Thore"]
[Result "1/2-1/2"]
[WhiteElo "2575"]
[BlackElo "2441"]
[PlyCount "39"]
[EventDate "2019.01.02"]

1. d4 Nf6 2. c4 g6 3. Nc3 Bg7 4. e4 d6 5. h3 O-O 6. Be3 c5 7. Nf3 cxd4 8. Nxd4
a6 9. Be2 b6 10. Bf3 Bb7 11. e5 Bxf3 12. Qxf3 dxe5 13. Ne6 e4 14. Nxe4 fxe6 15.
Nxf6+ Bxf6 16. Qxa8 Qd3 17. Rd1 Qxc4 18. Rc1 Qd3 19. Rd1 Qc4 20. Rc1 1/2-1/2

[Event "21. SCHACHFESTIVAL BASEL 2019 -- MASTER "]
[Site "?"]
[Date "2019.01.04"]
[Round "4.2"]
[White "Chatalbashev, Boris"]
[Black "Malakhatko, Vadim"]
[Result "1/2-1/2"]
[WhiteElo "2531"]
[BlackElo "2533"]
[PlyCount "25"]
[EventDate "2019.01.02"]

1. Nf3 d5 2. c4 e6 3. g3 Nf6 4. Bg2 Be7 5. O-O O-O 6. b3 a5 7. Nc3 Nbd7 8. d4
c6 9. Bf4 Nh5 10. Bd2 Nhf6 11. Bf4 Nh5 12. Bd2 Nhf6 13. Bf4 1/2-1/2

[Event "21. SCHACHFESTIVAL BASEL 2019 -- MASTER "]
[Site "?"]
[Date "2019.01.04"]
[Round "4.3"]
[White "Beukema, Stefan"]
[Black "Petre, Nad-Titus"]
[Result "1-0"]
[WhiteElo "2414"]
[BlackElo "2308"]
[PlyCount "83"]
[EventDate "2019.01.02"]

1. e4 c6 2. d4 d5 3. Nc3 dxe4 4. Nxe4 Nf6 5. Nxf6+ exf6 6. Be3 Bd6 7. Bd3 O-O
8. Ne2 Re8 9. Qd2 Nd7 10. O-O-O a5 11. Ng3 a4 12. Rhe1 Nf8 13. Kb1 Bg4 14. f3
Bxg3 15. hxg3 Be6 16. c4 Qd7 17. Qc2 Rec8 18. Rh1 f5 19. g4 b5 20. gxf5 Bxc4
21. f6 Ng6 22. Bxc4 bxc4 23. fxg7 a3 24. d5 f6 25. Qxc4 Qf7 26. b3 Ne5 27. Qe4
Qxg7 28. Rh6 Nf7 29. Rh4 f5 30. Qd4 Qxd4 31. Rdxd4 Re8 32. Bc1 cxd5 33. Rxd5
Re2 34. Rd2 Re1 35. Rc2 Ne5 36. f4 Ng4 37. Rh5 Ne3 38. Rg5+ Kf7 39. Rc7+ Kf6
40. Rgg7 h5 41. Rgf7+ Kg6 42. Rfe7 1-0

[Event "21. SCHACHFESTIVAL BASEL 2019 -- MASTER "]
[Site "?"]
[Date "2019.01.04"]
[Round "4.4"]
[White "Krishna, C R G."]
[Black "Beukema, Jasper"]
[Result "1-0"]
[WhiteElo "2469"]
[BlackElo "2290"]
[PlyCount "49"]
[EventDate "2019.01.02"]

1. Nf3 Nf6 2. c4 e6 3. g3 d5 4. Bg2 Be7 5. O-O O-O 6. d4 dxc4 7. Qc2 Nbd7 8.
Qxc4 a6 9. Qc2 c5 10. Nc3 cxd4 11. Nxd4 Bc5 12. Rd1 Qe7 13. h3 Rb8 14. Be3 e5
15. Nf5 Qe6 16. Rac1 Bxe3 17. Nxe3 b5 18. Nf5 Nb6 19. g4 Qc4 20. Ne7+ Kh8 21.
Nc6 Ra8 22. Nxe5 Qf4 23. Bxa8 Nxa8 24. Nf3 Bxg4 25. Rd4 1-0

[Event "21. SCHACHFESTIVAL BASEL 2019 -- MASTER "]
[Site "?"]
[Date "2019.01.04"]
[Round "4.5"]
[White "Roe, Simon J"]
[Black "Hort, Vlastimil"]
[Result "1/2-1/2"]
[WhiteElo "2210"]
[BlackElo "2419"]
[PlyCount "50"]
[EventDate "2019.01.02"]

1. Nf3 d5 2. c4 c6 3. e3 Nf6 4. Nc3 g6 5. d4 Bg7 6. Bd3 O-O 7. O-O a6 8. Qc2
Nbd7 9. b3 Re8 10. Bb2 b6 11. Rfd1 Bb7 12. cxd5 cxd5 13. a4 Qb8 14. h3 Rc8 15.
Qe2 e6 16. Rdc1 Bf8 17. Rc2 Ne4 18. Rac1 Nxc3 19. Rxc3 Rxc3 20. Rxc3 Bd6 21.
Rc2 Qd8 22. Rc1 Qe7 23. Rc2 Nb8 24. e4 Nc6 25. e5 Ba3 1/2-1/2

[Event "21. SCHACHFESTIVAL BASEL 2019 -- MASTER "]
[Site "?"]
[Date "2019.01.04"]
[Round "4.6"]
[White "Shah, Rishab"]
[Black "Heinemann, Josefine"]
[Result "1/2-1/2"]
[WhiteElo "2086"]
[BlackElo "2304"]
[PlyCount "128"]
[EventDate "2019.01.02"]

1. e4 c5 2. Nc3 Nc6 3. Bb5 Nd4 4. Bc4 e6 5. Nge2 Nf6 6. O-O a6 7. d3 b5 8. Bb3
Nc6 9. Ng3 Be7 10. f4 d6 11. f5 Nd4 12. Bg5 O-O 13. Nh5 Nxh5 14. Bxe7 Qxe7 15.
Qxh5 g6 16. Qh6 exf5 17. Nd5 Qe5 18. g4 Qg7 19. Ne7+ Kh8 20. Qxg7+ Kxg7 21.
gxf5 f6 22. fxg6 hxg6 23. Nxc8 Rfxc8 24. c3 Nc6 25. Rad1 Re8 26. Rf4 Re7 27.
Rdf1 Rf8 28. Bd5 Ne5 29. d4 Nd3 30. Rg4 Nxb2 31. Rf3 cxd4 32. cxd4 Rc7 33. Rfg3
Rc1+ 34. Kg2 g5 35. h4 Rfc8 36. Bb3 R8c3 37. hxg5 Rxg3+ 38. Rxg3 Nc4 39. gxf6+
Kxf6 40. Rf3+ Ke7 41. Kf2 Nd2 42. Rf7+ Ke8 43. Ra7 Nxe4+ 44. Ke2 Rc6 45. Kd3
Nf6 46. a4 b4 47. Bc4 d5 48. Bxa6 Rc3+ 49. Ke2 b3 50. Bd3 Ne4 51. Rb7 Nd6 52.
Rb8+ Kd7 53. Kd2 Rc7 54. Rxb3 Ra7 55. Bb5+ Nxb5 56. axb5 Ra4 57. Kd3 Ra1 58. b6
Kc8 59. b7+ Kb8 60. Rb5 Ra3+ 61. Kd2 Rh3 62. Rxd5 Kxb7 63. Rc5 Kb6 64. Rc1 Rg3
1/2-1/2

[Event "21. SCHACHFESTIVAL BASEL 2019 -- MASTER "]
[Site "?"]
[Date "2019.01.04"]
[Round "4.7"]
[White "Bounlom, Jannik"]
[Black "Gomes, Mary Ann"]
[Result "0-1"]
[WhiteElo "1892"]
[BlackElo "2296"]
[PlyCount "76"]
[EventDate "2019.01.02"]

1. e4 c5 2. Nf3 d6 3. d4 cxd4 4. Nxd4 Nf6 5. Nc3 a6 6. Bg5 Nbd7 7. Qe2 h6 8.
Bh4 g6 9. O-O-O e5 10. Nb3 Be7 11. f3 b5 12. Bf2 Bb7 13. a4 b4 14. Nd5 Nxd5 15.
exd5 Rc8 16. Qe4 Qc7 17. Bd3 Nf6 18. Qxb4 Nxd5 19. Qe1 Nf4 20. c3 Nxg2 21. Qf1
Bxf3 22. Bxa6 Rb8 23. Bb5+ Kf8 24. Bb6 Bg5+ 25. Nd2 Rxb6 26. Qxf3 Ne3 27. Rde1
Nc4 28. Re2 Nxd2 29. Rxd2 d5 30. Qxd5 Rd6 31. Qxe5 f6 32. Rf1 Bxd2+ 33. Kc2 Bg5
34. Qe4 Kg7 35. Re1 f5 36. Qb4 Rhd8 37. a5 Rd4 38. Qa3 R4d5 0-1

[Event "21. SCHACHFESTIVAL BASEL 2019 -- MASTER "]
[Site "?"]
[Date "2019.01.04"]
[Round "4.8"]
[White "Faibisovich, Vadim Z"]
[Black "Oparaugo, Thomas"]
[Result "1-0"]
[WhiteElo "2304"]
[BlackElo "2045"]
[PlyCount "93"]
[EventDate "2019.01.02"]

1. e4 e5 2. Nf3 Nc6 3. Nc3 Nf6 4. d4 exd4 5. Nxd4 Bb4 6. Nxc6 bxc6 7. Bd3 d5 8.
exd5 cxd5 9. O-O O-O 10. Qf3 c6 11. Bg5 Be7 12. Rfe1 Be6 13. h3 h6 14. Bf4 Bd6
15. Rad1 Qc7 16. Ne2 Bxf4 17. Nxf4 Rae8 18. c4 Qd7 19. cxd5 Bxd5 20. Nxd5 Nxd5
21. Qf5 Qxf5 22. Bxf5 Rxe1+ 23. Rxe1 Rb8 24. Re2 Nf6 25. Rc2 Rb6 26. Bd3 Nd5
27. Bc4 Rb7 28. b3 Kf8 29. Bxd5 cxd5 30. Rc5 Rd7 31. Kf1 Ke7 32. Rc6 Rd6 33.
Rc7+ Rd7 34. Rxd7+ Kxd7 35. Ke2 Kc6 36. Kd3 Kc5 37. a3 a5 38. h4 h5 39. f3 d4
40. b4+ axb4 41. axb4+ Kd5 42. g4 g6 43. g5 Ke5 44. Kc4 Kf4 45. Kxd4 Kxf3 46.
b5 Kg4 47. Ke4 1-0

[Event "21. SCHACHFESTIVAL BASEL 2019 -- MASTER "]
[Site "?"]
[Date "2019.01.04"]
[Round "4.9"]
[White "Ananya, Rishi Gupta"]
[Black "Hess, Christian Mathias"]
[Result "0-1"]
[WhiteElo "1976"]
[BlackElo "2220"]
[PlyCount "166"]
[EventDate "2019.01.02"]

1. e4 c6 2. d4 d5 3. exd5 cxd5 4. Bd3 Nc6 5. c3 Qc7 6. Nf3 Bg4 7. Bg5 e6 8. Bh4
Bd6 9. Nbd2 Nf6 10. Bg3 Nh5 11. Bxd6 Qxd6 12. O-O Nf4 13. Bc2 O-O 14. Re1 f5
15. Re3 Rf6 16. Qe1 Rg6 17. g3 Nh3+ 18. Kh1 Rh6 19. Ne5 Nxe5 20. Rxe5 Ng5 21.
Bd1 Bxd1 22. Rxd1 Rf8 23. Kg2 Rg6 24. Nf3 Ne4 25. Nh4 Rh6 26. Nf3 Rg6 27. Nh4
Rgf6 28. Nf3 Qa6 29. a3 Qb5 30. Rb1 a6 31. Nd2 Qd3 32. Rd1 Qb5 33. Rb1 Qa4 34.
f3 Qc2 35. fxe4 fxe4 36. Kg1 Rf2 37. Rd1 Qxb2 38. Rxe6 Qxc3 39. Nxe4 Qxe1+ 40.
Rxe1 dxe4 41. R6xe4 Ra2 42. R4e3 b5 43. d5 Rd2 44. Re5 Rd3 45. R1e3 Rd1+ 46.
Kg2 Rd2+ 47. Kg1 Rf6 48. Re6 a5 49. R6e5 h6 50. d6 Rfxd6 51. Rxb5 Ra2 52. Rb1
Rdd2 53. h4 h5 54. Rf3 a4 55. Kh1 Kh7 56. Kg1 Rg2+ 57. Kf1 Rh2 58. Kg1 Rhc2 59.
Kf1 Rc6 60. Kg1 Kg6 61. Rd1 Rf6 62. Rdd3 Rb6 63. Rf2 Rxf2 64. Kxf2 Rb3 65. Re3
Kf5 66. Rf3+ Kg4 67. Rf4+ Kh3 68. Rf3 Kh2 69. Ke2 Rb2+ 70. Ke3 Rb3+ 71. Ke2
Rb2+ 72. Ke3 Kg2 73. Ke4 Re2+ 74. Kf4 Re6 75. Rd3 Rg6 76. Rd2+ Kh3 77. Rd5 Rg4+
78. Kf3 Rxg3+ 79. Kf2 Kxh4 80. Rxh5+ Kxh5 81. Kxg3 Kg5 82. Kf3 Kh4 83. Kf2 Kh3
0-1

[Event "21. SCHACHFESTIVAL BASEL 2019 -- MASTER "]
[Site "?"]
[Date "2019.01.04"]
[Round "4.10"]
[White "Monteverde, Jonathan"]
[Black "Vergara Anton, Diego"]
[Result "1-0"]
[WhiteElo "2120"]
[BlackElo "2040"]
[PlyCount "163"]
[EventDate "2019.01.02"]

1. d4 d5 2. c4 e6 3. Nc3 Nf6 4. cxd5 exd5 5. Bg5 Be7 6. e3 c6 7. Bd3 O-O 8.
Nge2 Re8 9. O-O Nbd7 10. Qc2 h6 11. Bh4 Nf8 12. f3 Be6 13. Rae1 Qd7 14. Bf2 a6
15. Na4 Qc7 16. Nc5 Bd6 17. Kh1 b6 18. Nxe6 Nxe6 19. e4 dxe4 20. fxe4 Bf8 21.
h3 c5 22. d5 Ng5 23. Ng3 Qd7 24. Bg1 Rac8 25. Bxa6 Rc7 26. a4 Re5 27. Bb5 Qe7
28. Nf5 Qd8 29. Bh2 Rxe4 30. Bxc7 Qxc7 31. Rxe4 Ngxe4 32. Qd3 Qe5 33. Kg1 g6
34. Nh4 Ng3 35. Nf3 Qh5 36. d6 Nxf1 37. Kxf1 c4 38. Qd4 Qf5 39. d7 Qb1+ 40. Ne1
Qf5+ 41. Nf3 Qb1+ 42. Ke2 Qc2+ 43. Nd2 Nxd7 44. Qxd7 Qxb2 45. Bxc4 Qe5+ 46. Kf1
Qf4+ 47. Kg1 Bb4 48. Qe8+ Kg7 49. Ne4 Bc5+ 50. Nxc5 Qxc4 51. Qe5+ Kh7 52. Ne4
Qxa4 53. Nf6+ Kg7 54. Nd5+ Kh7 55. Nxb6 Qa7 56. Qd6 Qa1+ 57. Kh2 h5 58. Nd5 Kg7
59. Qc7 Qd4 60. Qc3 Qxc3 61. Nxc3 f5 62. h4 g5 63. hxg5 Kg6 64. Kg3 Kxg5 65.
Ne2 h4+ 66. Kf3 Kh5 67. Nf4+ Kg5 68. Nh3+ Kg6 69. Kf4 Kf6 70. Ng1 Kg6 71. Nf3
h3 72. gxh3 Kh6 73. Kxf5 Kh5 74. h4 Kh6 75. Kg4 Kg6 76. h5+ Kh6 77. Kh4 Kh7 78.
Kg5 Kg7 79. h6+ Kh7 80. Kh5 Kg8 81. Kg6 Kh8 82. Ng5 1-0

[Event "21. SCHACHFESTIVAL BASEL 2019 -- MASTER "]
[Site "?"]
[Date "2019.01.04"]
[Round "4.11"]
[White "Simon, Ralf-Axel"]
[Black "Boricha, Ketan"]
[Result "1/2-1/2"]
[WhiteElo "2075"]
[BlackElo "2095"]
[PlyCount "89"]
[EventDate "2019.01.02"]

1. Nf3 d5 2. e3 Nf6 3. c4 c6 4. Be2 Bg4 5. h3 Bxf3 6. Bxf3 dxc4 7. Na3 Qd3 8.
Be2 Qd5 9. O-O b5 10. b3 Qe5 11. Rb1 cxb3 12. d4 Qd5 13. Rxb3 a6 14. Bf3 Ne4
15. Nb1 f5 16. Nd2 Nd7 17. Bxe4 fxe4 18. Qc2 Nf6 19. Rc3 e6 20. Rxc6 Bd6 21.
Bb2 O-O 22. f3 exf3 23. e4 Qg5 24. Rxf3 Bf4 25. Nf1 Nh5 26. Rc5 e5 27. Qf2 Nf6
28. Qe2 Qg6 29. dxe5 Nxe4 30. Rc2 Ng5 31. Rfc3 Rae8 32. Rc6 Nxh3+ 33. Kh1 Nf2+
34. Qxf2 Qh5+ 35. Kg1 Bxe5 36. g4 Qxg4+ 37. Qg2 Rxf1+ 38. Kxf1 Qd1+ 39. Kf2
Bd4+ 40. Kg3 Qe1+ 41. Kh2 Qe5+ 42. Qg3 Qh5+ 43. Kg2 Qd5+ 44. Qf3 Qg5+ 45. Qg3
1/2-1/2

[Event "21. SCHACHFESTIVAL BASEL 2019 -- MASTER "]
[Site "?"]
[Date "2019.01.04"]
[Round "4.12"]
[White "Schmahl, Stephan"]
[Black "Staub, Gerhard"]
[Result "1/2-1/2"]
[WhiteElo "2111"]
[BlackElo "2010"]
[PlyCount "34"]
[EventDate "2019.01.02"]

1. d4 d5 2. c4 c6 3. Nf3 Nf6 4. g3 Bf5 5. Bg2 e6 6. O-O Be7 7. Nc3 O-O 8. b3
Ne4 9. Bb2 Nd7 10. e3 Nxc3 11. Bxc3 Be4 12. Qd2 Qb6 13. Rfc1 c5 14. cxd5 Bxd5
15. dxc5 Nxc5 16. Bd4 Ne4 17. Qb2 Bf6 1/2-1/2

[Event "21. SCHACHFESTIVAL BASEL 2019 -- MASTER "]
[Site "?"]
[Date "2019.01.04"]
[Round "4.13"]
[White "Bartakke, Amardeep S"]
[Black "Maloberti, David"]
[Result "1-0"]
[WhiteElo "2249"]
[BlackElo "2112"]
[PlyCount "32"]
[EventDate "2019.01.02"]

1. e4 e6 2. d4 d5 3. Nd2 Be7 4. Ngf3 Nf6 5. Bd3 c5 6. dxc5 dxe4 7. Bxe4 Bxc5 8.
Qe2 O-O 9. Bd3 Nc6 10. a3 b6 11. O-O Bb7 12. c4 Qd7 13. Ne4 Nxe4 14. Bxe4 Rad8
15. Bg5 Be7 16. Bxc6 Bxc6 1-0

[Event "21. SCHACHFESTIVAL BASEL 2019 -- MASTER "]
[Site "?"]
[Date "2019.01.04"]
[Round "4.14"]
[White "Bub, Volker"]
[Black "Hoffmann, Achim Gunter"]
[Result "1/2-1/2"]
[WhiteElo "2108"]
[BlackElo "2135"]
[PlyCount "103"]
[EventDate "2019.01.02"]

1. e4 c5 2. d3 Nc6 3. g3 e6 4. Bg2 g6 5. Nf3 Bg7 6. O-O Nge7 7. c3 d5 8. Nbd2
O-O 9. Re1 Qc7 10. h4 d4 11. c4 e5 12. Nf1 h6 13. a3 a5 14. b3 a4 15. bxa4 Bd7
16. Bd2 Nd8 17. a5 Nec6 18. N3h2 Nxa5 19. f4 f6 20. Re2 Nac6 21. Rf2 Nf7 22.
Bc1 Ne7 23. Rb1 Nd6 24. Nd2 Kh7 25. Qf1 b5 26. cxb5 Bxb5 27. Nc4 Bxc4 28. dxc4
Rfb8 29. Rxb8 Qxb8 30. fxe5 fxe5 31. Qd3 Ra4 32. Rb2 Qg8 33. Rb6 Nec8 34. Rc6
Rxc4 35. Qd2 Qe8 36. Rc7 Ne7 37. Ng4 Qd8 38. Ra7 Rc3 39. Nxh6 Rxg3 40. Kh2 Re3
41. Ng4 Nef5 42. Nxe3 Qxh4+ 43. Kg1 Nxe3 44. Qf2 Nxg2 45. Kxg2 Qxe4+ 46. Kg1
Nf5 47. Qh2+ Nh4 48. Bd2 Kg8 49. Kf1 c4 50. Qh3 d3 51. Qe6+ Kh7 52. Rxg7+
1/2-1/2

[Event "21. SCHACHFESTIVAL BASEL 2019 -- MASTER "]
[Site "?"]
[Date "2019.01.04"]
[Round "4.15"]
[White "Haenggi, Markus"]
[Black "Wenner, Tobias"]
[Result "1/2-1/2"]
[WhiteElo "2064"]
[BlackElo "2125"]
[PlyCount "50"]
[EventDate "2019.01.02"]

1. e4 c6 2. d4 d5 3. f3 g6 4. Nc3 Bg7 5. Be3 Qb6 6. Na4 Qa5+ 7. c3 dxe4 8. fxe4
Nf6 9. Bd3 O-O 10. Nf3 Bg4 11. O-O Nbd7 12. b4 Qc7 13. e5 Nd5 14. Bd2 f6 15. c4
N5b6 16. Nxb6 axb6 17. exf6 Bxf6 18. Bc3 e5 19. Be4 exd4 20. Bxd4 Ne5 21. c5
Bxf3 22. gxf3 bxc5 23. bxc5 Kh8 24. Kh1 Rad8 25. f4 Ng4 1/2-1/2

[Event "21. SCHACHFESTIVAL BASEL 2019 -- MASTER "]
[Site "?"]
[Date "2019.01.04"]
[Round "4.16"]
[White "Pernutz, Hans-Gerhard"]
[Black "Dekan, Hans"]
[Result "1/2-1/2"]
[WhiteElo "2053"]
[BlackElo "2123"]
[PlyCount "50"]
[EventDate "2019.01.02"]

1. e4 c5 2. Nf3 Nc6 3. d4 cxd4 4. Nxd4 e5 5. Nb5 d6 6. N1c3 a6 7. Na3 b5 8. Nd5
Nf6 9. Bg5 Be7 10. Bxf6 Bxf6 11. c3 Bg5 12. Bd3 Be6 13. Nc2 Ne7 14. Ncb4 O-O
15. a4 Nxd5 16. exd5 Bd7 17. axb5 e4 18. Be2 axb5 19. Rxa8 Qxa8 20. O-O Qa7 21.
Qa1 Qb7 22. Qa6 Qxa6 23. Nxa6 Ra8 24. Nb4 e3 25. f4 Bf6 1/2-1/2

[Event "21. SCHACHFESTIVAL BASEL 2019 -- MASTER "]
[Site "?"]
[Date "2019.01.04"]
[Round "4.17"]
[White "Curien, Nicolas"]
[Black "Rahimi, Rahim"]
[Result "1-0"]
[WhiteElo "2214"]
[BlackElo "2060"]
[PlyCount "97"]
[EventDate "2019.01.02"]

1. d4 e6 2. e4 b6 3. Bd3 Bb7 4. Nf3 c5 5. c3 cxd4 6. cxd4 Nf6 7. Nbd2 Be7 8.
O-O O-O 9. Qe2 a5 10. Re1 Ba6 11. a3 Bxd3 12. Qxd3 d6 13. Nf1 Nbd7 14. Ng3 Re8
15. h3 Qb8 16. Qb5 Qb7 17. Bd2 Rec8 18. b4 axb4 19. Bxb4 Bf8 20. Rad1 Qc6 21.
Qxc6 Rxc6 22. d5 exd5 23. exd5 Rc4 24. Nf5 Nc5 25. g3 Re8 26. Rxe8 Nxe8 27.
N3d4 Na6 28. Ne3 Rc8 29. Rb1 Nc5 30. Be1 Nd7 31. Bb4 g6 32. Nc6 Nef6 33. Na7
Re8 34. Nb5 Ne4 35. Nc4 Ndc5 36. Rd1 Rd8 37. Kg2 Na6 38. f3 Nec5 39. Rd2 Nb7
40. Re2 Nbc5 41. f4 Kg7 42. Re3 Nb7 43. g4 Rc8 44. Ncxd6 Nxd6 45. Bxd6 Rc2+ 46.
Kf3 Bxd6 47. Nxd6 Rd2 48. Ne8+ Kf8 49. Nf6 1-0

[Event "21. SCHACHFESTIVAL BASEL 2019 -- MASTER "]
[Site "?"]
[Date "2019.01.04"]
[Round "4.18"]
[White "Perreard, Nicolas"]
[Black "Faraone, Ettore"]
[Result "1/2-1/2"]
[WhiteElo "2032"]
[BlackElo "2124"]
[PlyCount "75"]
[EventDate "2019.01.02"]

1. d4 g6 2. c4 Bg7 3. Nc3 c5 4. d5 d6 5. e4 Nf6 6. Be2 O-O 7. h4 h5 8. Bf4 Nbd7
9. Nh3 Qa5 10. f3 a6 11. Qd2 Rb8 12. Nd1 Qxd2+ 13. Kxd2 b5 14. Rb1 bxc4 15. Ne3
Ne8 16. Nxc4 Nb6 17. b3 f5 18. Be3 fxe4 19. fxe4 Nf6 20. Ng5 Ng4 21. Rhf1 Nxc4+
22. Bxc4 Nxe3 23. Rxf8+ Bxf8 24. Kxe3 Bh6 25. Rf1 Bd7 26. e5 Bf5 27. e6 a5 28.
Bd3 Rb4 29. Bxf5 Rxh4 30. Bxg6 Bxg5+ 31. Ke2 Kg7 32. Bd3 Rg4 33. Rf7+ Kg8 34.
Kf3 Bh4 35. Bh7+ Kh8 36. Be4 Rg5 37. g4 hxg4+ 38. Kf4 1/2-1/2

*

[Event "21. SCHACHFESTIVAL BASEL 2019 -- MASTER "]
[Site "?"]
[Date "2019.01.05"]
[Round "5.1"]
[White "Perske, Thore"]
[Black "Beukema, Stefan"]
[Result "1/2-1/2"]
[WhiteElo "2441"]
[BlackElo "2414"]
[PlyCount "80"]
[EventDate "2019.01.02"]

1. e4 e5 2. Nf3 Nc6 3. Bb5 a6 4. Ba4 Nf6 5. O-O Be7 6. d3 b5 7. Bb3 d6 8. a3
O-O 9. Nc3 Bg4 10. Be3 Na5 11. Ba2 c5 12. Nd5 Nxd5 13. Bxd5 Rc8 14. b4 Nc6 15.
c3 Qd7 16. h3 Bxf3 17. Qxf3 Nd8 18. Qg4 Ne6 19. f4 exf4 20. Rxf4 h5 21. Bxe6
Qxe6 22. Qxh5 Qe5 23. Qxe5 dxe5 24. Rf5 cxb4 25. cxb4 Rfd8 26. Rd1 f6 27. Bb6
Rd7 28. Rf3 Rc3 29. d4 Rc6 30. Bc5 Bxc5 31. bxc5 Rxc5 32. d5 Rc4 33. Re3 Kf7
34. Kf2 Ke7 35. h4 Kd6 36. h5 Rdc7 37. Rh1 Rc2+ 38. Kg3 R7c3 39. Rf3 Rxf3+ 40.
gxf3 Rc3 1/2-1/2

[Event "21. SCHACHFESTIVAL BASEL 2019 -- MASTER "]
[Site "?"]
[Date "2019.01.05"]
[Round "5.2"]
[White "Malakhatko, Vadim"]
[Black "Narayanan.S.L"]
[Result "1-0"]
[WhiteElo "2533"]
[BlackElo "2575"]
[PlyCount "119"]
[EventDate "2019.01.02"]

1. d4 Nf6 2. c4 g6 3. Nc3 d5 4. cxd5 Nxd5 5. e4 Nxc3 6. bxc3 Bg7 7. Be3 c5 8.
Rc1 O-O 9. Qd2 Nd7 10. f3 Qa5 11. Bc4 Rd8 12. Ne2 Ne5 13. Bb3 cxd4 14. Nxd4 Qa6
15. Rd1 Nc4 16. Qe2 Nxe3 17. Qxe3 e5 18. Nc2 Rxd1+ 19. Kxd1 Be6 20. Nb4 Qa3 21.
Bxe6 fxe6 22. Qc1 Qa4+ 23. Qc2 Qb5 24. Nd3 Rc8 25. Ke2 Qc6 26. Qb3 b5 27. Ra1
Kf7 28. a4 Qxc3 29. Qxc3 Rxc3 30. axb5 Rc2+ 31. Kf1 Rc7 32. h4 Kf6 33. Ra6 Bf8
34. g4 g5 35. hxg5+ Kxg5 36. Rxe6 Bg7 37. Rc6 Rd7 38. Nc5 Re7 39. Ne6+ Kf6 40.
Nd4+ Kg5 41. Ne6+ Kf6 42. Nf8+ Kg5 43. Nxh7+ Kf4 44. Ke2 Rb7 45. Nf6 Bxf6 46.
Rxf6+ Kg3 47. g5 Rxb5 48. g6 Rb2+ 49. Kd3 Rg2 50. Ke3 Kh4 51. Rf5 Rxg6 52. Rxe5
Ra6 53. Kf4 Ra1 54. Re8 Kh5 55. Kf5 Kh6 56. e5 Kg7 57. Re7+ Kf8 58. Rd7 Ra4 59.
f4 a5 60. Kg5 1-0

[Event "21. SCHACHFESTIVAL BASEL 2019 -- MASTER "]
[Site "?"]
[Date "2019.01.05"]
[Round "5.3"]
[White "Gomes, Mary Ann"]
[Black "Chatalbashev, Boris"]
[Result "1/2-1/2"]
[WhiteElo "2296"]
[BlackElo "2531"]
[PlyCount "140"]
[EventDate "2019.01.02"]

1. Nf3 g6 2. e4 Bg7 3. d4 d6 4. Nc3 Nf6 5. h3 O-O 6. Be3 a6 7. a4 b6 8. Bd3 Bb7
9. O-O Nbd7 10. Qd2 e5 11. Bh6 Re8 12. Rfe1 exd4 13. Nxd4 Nc5 14. Bxg7 Kxg7 15.
Nf3 Bxe4 16. Nxe4 Ncxe4 17. Bxe4 Rxe4 18. Rxe4 Nxe4 19. Qd5 Nf6 20. Qc6 Rb8 21.
Re1 d5 22. Nd4 Ne8 23. Re2 Rc8 24. f3 Qf6 25. Qxf6+ Nxf6 26. Nc6 Kf8 27. Re7 a5
28. Kf2 h5 29. g4 h4 30. c3 Nh7 31. f4 Nf6 32. Kf3 Ne4 33. Ke3 Nc5 34. b4 Nxa4
35. Kd4 axb4 36. cxb4 Re8 37. Rxe8+ Kxe8 38. Ne5 c5+ 39. bxc5 Nxc5 40. f5 g5
41. Kxd5 Ke7 42. Nc4 Nd3 43. Nxb6 Nf4+ 44. Ke5 f6+ 45. Ke4 Nxh3 46. Nd5+ Kf7
47. Kf3 Kg7 48. Ke3 Ng1 49. Kf2 Nh3+ 50. Ke3 Nf4 51. Nxf4 gxf4+ 52. Kxf4 Kh6
53. Ke3 Kg5 54. Kf3 h3 55. Kg3 h2 56. Kxh2 Kh4 57. Kg1 Kxg4 58. Kg2 Kf4 59. Kf2
Ke4 60. Ke2 Ke5 61. Ke3 Kxf5 62. Kf3 Ke5 63. Ke3 f5 64. Kf3 f4 65. Kf2 Ke4 66.
Ke2 f3+ 67. Kf2 Kf4 68. Kf1 Ke3 69. Ke1 f2+ 70. Kf1 Kf3 1/2-1/2

[Event "21. SCHACHFESTIVAL BASEL 2019 -- MASTER "]
[Site "?"]
[Date "2019.01.05"]
[Round "5.4"]
[White "Hort, Vlastimil"]
[Black "Krishna, C R G."]
[Result "0-1"]
[WhiteElo "2419"]
[BlackElo "2469"]
[PlyCount "114"]
[EventDate "2019.01.02"]

1. c4 c6 2. Nf3 d5 3. d4 Nf6 4. Nbd2 a6 5. b3 Bf5 6. e3 e6 7. Nh4 Bg4 8. Qc2
Bd6 9. h3 Bh5 10. Bb2 Ne4 11. Nhf3 Bg6 12. Bd3 f5 13. c5 Bc7 14. b4 Nd7 15. Nb3
O-O 16. O-O-O f4 17. exf4 Rxf4 18. Kb1 Qf6 19. Bc1 Rxf3 20. gxf3 Qxf3 21. Be3
Rf8 22. Rdf1 Ndf6 23. Kb2 Nh5 24. Nd2 Nxd2 25. Qxd2 Bxd3 26. Qxd3 Nf4 27. Qb3
e5 28. Ka3 Ne6 29. dxe5 a5 30. b5 a4 31. Qxa4 Nxc5 32. Qb4 Ra8+ 33. Kb2 Bxe5+
34. Kb1 Qe4+ 35. Qxe4 Nxe4 36. bxc6 bxc6 37. Rc1 d4 38. f4 Bf6 39. Bg1 Nc3+ 40.
Kc2 Nxa2 41. Rb1 c5 42. Kd3 Ra4 43. Rb3 Kf7 44. Rb8 Nb4+ 45. Ke4 Nc2 46. Bh2
Kg6 47. f5+ Kg5 48. Be5 d3+ 49. Kd5 d2 50. Rd1 Kh6 51. Rg1 Bxe5 52. Kxe5 Ra1
53. Rxa1 Nxa1 54. Rd8 Nb3 55. Ke4 c4 56. Rd5 c3 57. Rd6+ Kh5 0-1

[Event "21. SCHACHFESTIVAL BASEL 2019 -- MASTER "]
[Site "?"]
[Date "2019.01.05"]
[Round "5.5"]
[White "Petre, Nad-Titus"]
[Black "Roe, Simon J"]
[Result "1-0"]
[WhiteElo "2308"]
[BlackElo "2210"]
[PlyCount "55"]
[EventDate "2019.01.02"]

1. d4 Nf6 2. Nf3 d5 3. Bf4 e6 4. e3 Be7 5. h3 O-O 6. Nbd2 Bd6 7. Ne5 c5 8. c3
Nc6 9. Ndf3 Ne4 10. Bd3 cxd4 11. cxd4 Bb4+ 12. Ke2 f6 13. Nxc6 bxc6 14. Qa4 Bd6
15. Bxd6 Qxd6 16. Rac1 Rb8 17. b3 Bd7 18. Rc2 e5 19. dxe5 fxe5 20. Bxe4 dxe4
21. Qxe4 Rb4 22. Rd2 Qb8 23. Qxe5 Qb7 24. Rhd1 Qa6+ 25. Ke1 Rb5 26. Qe7 Bf5 27.
Rd8 Rb8 28. Qf7+ 1-0

[Event "21. SCHACHFESTIVAL BASEL 2019 -- MASTER "]
[Site "?"]
[Date "2019.01.05"]
[Round "5.6"]
[White "Hess, Christian Mathias"]
[Black "Faibisovich, Vadim Z"]
[Result "0-1"]
[WhiteElo "2220"]
[BlackElo "2304"]
[PlyCount "52"]
[EventDate "2019.01.02"]

1. d4 Nf6 2. Nf3 d5 3. c4 e6 4. e3 c5 5. Nc3 Nc6 6. a3 a6 7. dxc5 Bxc5 8. b4
Ba7 9. Bb2 O-O 10. Qc2 Qe7 11. Rd1 Rd8 12. Be2 dxc4 13. Rxd8+ Nxd8 14. Bxc4 b5
15. Bd3 Bb7 16. Ne4 Nxe4 17. Bxe4 Rc8 18. Bxh7+ Kh8 19. Qb1 f5 20. Bxf5 exf5
21. Qxf5 Bxe3 22. fxe3 Qxe3+ 23. Kf1 Ne6 24. Ne5 Bxg2+ 25. Kxg2 Nf4+ 26. Qxf4
Rc2+ 0-1